000 00915nam a2200217Ia 4500
003 OSt
005 20250415141937.0
008 191128s1981 ck er 000 f spa d
040 _aCO-JMCR
_cCO-JMCR
041 _aspa
082 0 4 _aA-N
_bHACt
100 1 _aHackett, John,
_eautor
_97154
245 1 0 _aLa tercera guerra mundial :
_bagosto 1985 /
_cGeneral Sir John Hackett; traducción Antonio Alduvin A.
260 _aBogotá :
_bCírculo de lectores,
_c1981
300 _a422 páginas ;
_c 21 cm.
505 _aAmanecer de agosto : los primeros ataques -- El mundo en 1984 -- Raíces del conflicto : el oriente Medio y Africa -- La vigorosa reacción del Occidente -- Intranquilidad en Polonia -- Una navidad sin paz -- Reunión en la cumbre y consecuencias
534 _pThe tird worl war
650 1 4 _aNovela inglesa
_ysiglo XX
_97155
700 _aAlduvin A., Antonio,
_etraductor
_97156
942 _2ddc
_cBK
999 _c3275
_d3275